[Event "DEM U18 2017"]
[Site "Willingen GER"]
[Date "2017.06.04"]
[Round "1"]
[White "Pallas, Sebastian"]
[Black "Vogel, Roven"]
[Result "1/2-1/2"]
[Termination "normal"]
[Board "1"]
[BlackTitle "IM"]
[WhiteElo "2185"]
[BlackElo "2464"]
[WhiteClock "00:08:22"]
[BlackClock "00:36:17"]
[PlyCount "143"]
[WhiteFideId "12905453"]
[BlackFideId "12908088"]
[EventCountry "GER"]
[EventRounds "9"]
[EventType "swiss"]
[EventDate "2017.06.03"]

1. e4 e5 2. Nf3 Nc6 3. d4 exd4 4. Nxd4 Nf6 5. Nxc6 bxc6 6. e5 Qe7 7. Qe2 Nd5 8.
c4 Nb6 9. b3 Qe6 10. g3 a5 11. Bg2 a4 12. Ba3 Bxa3 13. Nxa3 axb3 14. axb3 Qe7
15. Nc2 Rxa1+ 16. Nxa1 O-O 17. O-O Re8 18. f4 d5 19. Qf2 Qa3 20. c5 Nd7 21. Nc2
Qxc5 22. Qxc5 Nxc5 23. Nd4 Bb7 24. b4 Na6 25. Rb1 Ba8 26. b5 cxb5 27. Rxb5 c6
28. Ra5 Nc7 29. Nxc6 Bxc6 30. Rc5 Re6 31. f5 Rxe5 32. Rxc6 Ne8 33. Rc5 Rxf5 34.
Rxd5 Rxd5 35. Bxd5 Nf6 36. Bf3 Kf8 37. Kf2 Ke7 38. Ke3 Ke6 39. Bd1 Ke5 40. Bb3
Nd5+ 41. Kf3 f6 42. Bc2 h6 43. h4 Ne7 44. Ba4 Nc8 45. Bc2 Kd4 46. Kf4 Ne7 47.
Ba4 Kd3 48. Kf3 Ng6 49. Be8 Ne5+ 50. Kf4 Ke2 51. g4 g5+ 52. hxg5 hxg5+ 53. Kf5
Kf3 54. Ba4 Kg3 55. Bd1 Nc4 56. Kxf6 Kf4 57. Kg6 Ne3 58. Be2 Nxg4 59. Kh5 Nf6+
60. Kg6 Ne4 61. Bh5 Nc3 62. Kf6 Nd5+ 63. Ke6 Ne3 64. Kf6 Nf1 65. Kg6 Ng3 66.
Bd1 Nh1 67. Bh5 Nf2 68. Kf6 Ne4+ 69. Kg6 Ng3 70. Bd1 Nf5 71. Bh5 g4 72. Bxg4
1/2-1/2

[Event "DEM U18 2017"]
[Site "Willingen GER"]
[Date "2017.06.04"]
[Round "1"]
[White "Schröder, Kevin"]
[Black "Küppers, Timo"]
[Result "1/2-1/2"]
[Termination "normal"]
[Board "2"]
[WhiteTitle "FM"]
[WhiteElo "2352"]
[BlackElo "2192"]
[WhiteClock "00:01:24"]
[BlackClock "00:03:34"]
[PlyCount "151"]
[WhiteFideId "12929840"]
[BlackFideId "16205820"]
[EventCountry "GER"]
[EventRounds "9"]
[EventType "swiss"]
[EventDate "2017.06.03"]

1. d4 Nf6 2. Bg5 d5 3. e3 c5 4. Bxf6 gxf6 5. dxc5 e6 6. c4 dxc4 7. Nc3 Bxc5 8.
Bxc4 Nc6 9. Qh5 Qe7 10. Nf3 Bd7 11. O-O Bb6 12. Rfd1 O-O-O 13. Qh4 Rhg8 14. Ne4
Rg6 15. Qxh7 Bc7 16. Qh4 Rdg8 17. g3 Rg4 18. Qh7 f5 19. Nfg5 R4xg5 20. Nxg5
Rxg5 21. Qh8+ Be8 22. Rac1 Rg6 23. Bf1 Kb8 24. Rc5 Bb6 25. Rc2 e5 26. Bh3 Rf6
27. Rcd2 Kc7 28. Kf1 Bc5 29. a3 a5 30. Rd5 b6 31. Qh4 Rd6 32. Rxd6 Bxd6 33.
Bxf5 Qxh4 34. gxh4 Be7 35. h5 Bg5 36. Be4 f6 37. h4 Bh6 38. Bg6 Bd7 39. Ke2 Ne7
40. Rc1+ Kd6 41. Rg1 Be6 42. Kd3 Nd5 43. Kd2 Ne7 44. b4 axb4 45. axb4 Nd5 46.
Ra1 Nc7 47. Kd3 Bf8 48. Ra7 Bc8 49. Ke4 Bg7 50. Bf5 Ba6 51. Bg4 Bf8 52. Kf3 Kc6
53. Bf5 b5 54. h6 Bxh6 55. Kg4 Kb6 56. Kh5 Bf8 57. Rxc7 Kxc7 58. Kg6 Kd8 59. h5
Ke7 60. h6 Bxh6 61. Kxh6 Bb7 62. Kg7 Bd5 63. Bc8 Be4 64. Ba6 Bc6 65. Bc8 Be4
66. Bg4 Bd5 67. Bd1 Be4 68. Be2 Bc6 69. Bd3 Be8 70. Be4 Bd7 71. Bd5 Be8 72. Bb7
Bd7 73. Ba6 Bc6 74. Kg6 Be4+ 75. Kh6 Bc6 76. Kg7 1/2-1/2

[Event "DEM U18 2017"]
[Site "Willingen GER"]
[Date "2017.06.04"]
[Round "1"]
[White "Herbrig, Alexander"]
[Black "Urban, Konstantin"]
[Result "1-0"]
[Termination "normal"]
[Board "3"]
[WhiteElo "2102"]
[BlackElo "2377"]
[WhiteClock "00:36:12"]
[BlackClock "00:24:07"]
[PlyCount "135"]
[WhiteFideId "12952044"]
[BlackFideId "12927511"]
[EventCountry "GER"]
[EventRounds "9"]
[EventType "swiss"]
[EventDate "2017.06.03"]

1. e4 c5 2. Nf3 d6 3. d4 cxd4 4. Nxd4 Nf6 5. Nc3 a6 6. Be3 e6 7. g4 e5 8. Nf5
h5 9. g5 Nxe4 10. Nxg7+ Bxg7 11. Nxe4 d5 12. Ng3 d4 13. Bd2 Qd5 14. c4 Qc6 15.
Bd3 Bg4 16. Qc2 Bf3 17. Rg1 Nd7 18. Nf5 Bf8 19. g6 fxg6 20. Nh4 e4 21. Nxf3
exd3 22. Qxd3 O-O-O 23. Rxg6 Re8+ 24. Kf1 Qc7 25. b4 Be7 26. c5 Bf6 27. c6 bxc6
28. Qxa6+ Qb7 29. Qc4 Qb5 30. Rc1 Kb7 31. Bg5 Qxc4+ 32. Rxc4 Be5 33. Nxe5 Nxe5
34. Rg7+ Kb6 35. Rxd4 Nf3 36. Rf4 Nxh2+ 37. Kg2 Ng4 38. a4 Rhg8 39. Rxg8 Rxg8
40. Be7 Rg7 41. Bc5+ Kb7 42. Kh3 Rd7 43. Kh4 Ne5 44. Rf5 Nd3 45. Kxh5 Nxc5 46.
Rxc5 Rd4 47. b5 cxb5 48. axb5 Rf4 49. Rc2 Kb6 50. Kg5 Rf3 51. Rb2 Rf8 52. f4
Rg8+ 53. Kh6 Rf8 54. Rb4 Kc5 55. Re4 Kd5 56. Re5+ Kd6 57. Kg5 Rg8+ 58. Kf5 Rh8
59. b6 Rf8+ 60. Ke4 Rb8 61. f5 Kd7 62. Re6 Ra8 63. Ke5 Ra1 64. Kf6 Rf1 65. b7
Rb1 66. Kf7 Rb5 67. f6 Rf5 68. Re7+ 1-0

[Event "DEM U18 2017"]
[Site "Willingen GER"]
[Date "2017.06.04"]
[Round "1"]
[White "Uksini, Bardhyl"]
[Black "Neukirchner, Pascal"]
[Result "1-0"]
[Termination "normal"]
[Board "4"]
[WhiteElo "2331"]
[BlackElo "2108"]
[WhiteClock "00:27:46"]
[BlackClock "00:22:19"]
[PlyCount "41"]
[WhiteFideId "1628313"]
[BlackFideId "12997927"]
[EventCountry "GER"]
[EventRounds "9"]
[EventType "swiss"]
[EventDate "2017.06.03"]

1. d4 g6 2. e4 Bg7 3. h4 c5 4. d5 d6 5. h5 gxh5 6. Qxh5 Nf6 7. Qh4 e6 8. Nc3
exd5 9. Bg5 d4 10. Nd5 Nbd7 11. Bb5 Qa5+ 12. b4 cxb4 13. Bxf6 b3+ 14. c3 b2 15.
Rd1 dxc3 16. Nxc3 Bxf6 17. Qxf6 Rf8 18. Qxd6 Qxc3+ 19. Kf1 Rg8 20. Ne2 Qc2 21.
Rxh7 1-0

[Event "DEM U18 2017"]
[Site "Willingen GER"]
[Date "2017.06.04"]
[Round "1"]
[White "Mätzkow, Maximilian Paul"]
[Black "Ehmann, Thilo"]
[Result "1/2-1/2"]
[Termination "normal"]
[Board "5"]
[BlackTitle "FM"]
[WhiteElo "2131"]
[BlackElo "2268"]
[WhiteClock "00:05:37"]
[BlackClock "00:21:46"]
[PlyCount "95"]
[WhiteFideId "24679933"]
[BlackFideId "12940968"]
[EventCountry "GER"]
[EventRounds "9"]
[EventType "swiss"]
[EventDate "2017.06.03"]

1. e4 e5 2. Nf3 Nc6 3. Bb5 a6 4. Ba4 Nf6 5. d3 b5 6. Bb3 Be7 7. O-O d6 8. c3
O-O 9. Nbd2 Na5 10. Bc2 c5 11. Re1 Re8 12. Nf1 h6 13. Ng3 Bf8 14. h3 Nc6 15. d4
exd4 16. cxd4 Bb7 17. Bf4 Qb6 18. d5 Ne5 19. Nxe5 dxe5 20. Be3 Nd7 21. Rc1 Qg6
22. Bb1 Rac8 23. a4 c4 24. axb5 axb5 25. Nf5 Kh7 26. Kh1 Nc5 27. Bxc5 Bxc5 28.
Qe2 Qf6 29. Rf1 g6 30. Ng3 Re7 31. Qd2 Qb6 32. Rce1 Bd6 33. Ne2 b4 34. f4 exf4
35. Nxf4 Be5 36. Rd1 Qd6 37. Ne2 Ba6 38. Rf3 Kg7 39. Nd4 Bb7 40. Qf2 Rd8 41.
Rf1 Qd7 42. Nc2 b3 43. Ne3 Qc7 44. Ng4 Rf8 45. Qd2 Rh8 46. Qf2 Rf8 47. Qd2 Rh8
48. Qf2 1/2-1/2

[Event "DEM U18 2017"]
[Site "Willingen GER"]
[Date "2017.06.04"]
[Round "1"]
[White "Karsay, Pascal"]
[Black "Gschnitzer, Adrian"]
[Result "1/2-1/2"]
[Termination "normal"]
[Board "7"]
[WhiteElo "2141"]
[BlackElo "2342"]
[WhiteClock "00:03:30"]
[BlackClock "00:04:03"]
[PlyCount "63"]
[WhiteFideId "12953474"]
[BlackFideId "1270337"]
[EventCountry "GER"]
[EventRounds "9"]
[EventType "swiss"]
[EventDate "2017.06.03"]

1. e4 c5 2. Nf3 Nc6 3. Nc3 g6 4. d4 cxd4 5. Nxd4 Bg7 6. Be3 Nf6 7. Bc4 O-O 8.
Bb3 Re8 9. h3 d5 10. exd5 Na5 11. Qf3 a6 12. O-O Qd6 13. Rad1 b5 14. Bf4 Qd7
15. Be5 Bb7 16. Ne4 Nxe4 17. Qxe4 f6 18. Bg3 Nxb3 19. Nxb3 Rac8 20. Na5 Ba8 21.
c4 e6 22. Qd3 Red8 23. b4 bxc4 24. Nxc4 Qb5 25. Nd6 Qxd3 26. Rxd3 Rc2 27. dxe6
Bf8 28. a3 Re2 29. Rfd1 Rxe6 30. Nc4 Rde8 31. Rd8 Bc6 32. Rxe8 1/2-1/2

[Event "DEM U18 2017"]
[Site "Willingen GER"]
[Date "2017.06.04"]
[Round "1"]
[White "Sawlin, Leonid"]
[Black "Vuckovic, Zarko"]
[Result "1-0"]
[Termination "normal"]
[Board "8"]
[WhiteTitle "FM"]
[WhiteElo "2303"]
[BlackElo "2063"]
[WhiteClock "01:12:35"]
[BlackClock "00:59:47"]
[PlyCount "47"]
[WhiteFideId "4689542"]
[BlackFideId "12952087"]
[EventCountry "GER"]
[EventRounds "9"]
[EventType "swiss"]
[EventDate "2017.06.03"]

1. e4 c5 2. Nf3 Nc6 3. d4 cxd4 4. Nxd4 Qb6 5. Nb3 Nf6 6. Nc3 e6 7. Bd3 Bb4 8.
Bd2 O-O 9. a3 Be7 10. O-O Qc7 11. f4 d6 12. Qf3 a6 13. Rae1 b5 14. e5 Nd7 15.
Qh3 g6 16. exd6 Bxd6 17. Ne4 Re8 18. f5 gxf5 19. Nxd6 Qxd6 20. Bxf5 Nf8 21.
Bxh7+ Nxh7 22. Rxf7 Nf8 23. Ref1 Ne7 24. Rxf8+ 1-0

[Event "DEM U18 2017"]
[Site "Willingen GER"]
[Date "2017.06.04"]
[Round "1"]
[White "Brunner, Wilken"]
[Black "Niermann, Tristan"]
[Result "0-1"]
[Termination "normal"]
[Board "9"]
[WhiteElo "2037"]
[BlackElo "2340"]
[WhiteClock "01:05:19"]
[BlackClock "00:06:33"]
[PlyCount "63"]
[WhiteFideId "12928771"]
[BlackFideId "12990698"]
[EventCountry "GER"]
[EventRounds "9"]
[EventType "swiss"]
[EventDate "2017.06.03"]

1. d4 d5 2. c4 c6 3. Nc3 Nf6 4. Nf3 dxc4 5. a4 Bf5 6. e3 Nbd7 7. a5 e6 8. Bxc4
Bb4 9. Qa4 Qe7 10. O-O O-O 11. Be2 a6 12. Nh4 Bg4 13. Nf3 Rfd8 14. Rd1 c5 15.
Na2 b5 16. axb6 Nxb6 17. Qb3 a5 18. Nxb4 cxb4 19. Bd2 Nfd5 20. Rdc1 a4 21. Qd3
b3 22. Rc5 Rdc8 23. Rac1 Rxc5 24. Rxc5 a3 25. bxa3 Rxa3 26. Qb5 Ra1+ 27. Bc1
Bxf3 28. Bxf3 Qxc5 29. dxc5 Rxc1+ 30. Qf1 Rxf1+ 31. Kxf1 Nc4 32. Ke1 0-1

[Event "DEM U18 2017"]
[Site "Willingen GER"]
[Date "2017.06.04"]
[Round "1"]
[White "Spitzl, Vinzent"]
[Black "Silber, Kevin"]
[Result "1-0"]
[Termination "normal"]
[Board "10"]
[WhiteElo "2245"]
[BlackElo "2048"]
[WhiteClock "00:41:28"]
[BlackClock "01:01:59"]
[PlyCount "37"]
[WhiteFideId "12901253"]
[BlackFideId "12930440"]
[EventCountry "GER"]
[EventRounds "9"]
[EventType "swiss"]
[EventDate "2017.06.03"]

1. e4 e5 2. Nf3 Nc6 3. Bb5 f5 4. Nc3 fxe4 5. Nxe4 Nf6 6. Qe2 d5 7. Nxf6+ gxf6
8. d4 Bg7 9. Be3 Qd6 10. O-O-O O-O 11. dxe5 Nxe5 12. Nxe5 fxe5 13. Rxd5 Qg6 14.
Bc4 Qxg2 15. Rdd1+ Kh8 16. Rhg1 Qc6 17. Rxg7 Kxg7 18. Rg1+ Kh8 19. Bf4 1-0

[Event "DEM U18 2017"]
[Site "Willingen GER"]
[Date "2017.06.04"]
[Round "1"]
[White "Reindl, Arno"]
[Black "Kololli, Martin"]
[Result "0-1"]
[Termination "normal"]
[Board "11"]
[WhiteElo "2013"]
[BlackElo "2238"]
[WhiteClock "00:11:18"]
[BlackClock "00:46:01"]
[PlyCount "100"]
[WhiteFideId "12946729"]
[BlackFideId "12936910"]
[EventCountry "GER"]
[EventRounds "9"]
[EventType "swiss"]
[EventDate "2017.06.03"]

1. e4 e5 2. Nf3 Nc6 3. d4 exd4 4. Nxd4 Qf6 5. Be3 Bc5 6. Nb5 Bxe3 7. fxe3 Qh4+
8. g3 Qd8 9. Qg4 g5 10. N1c3 Ne5 11. Qe2 a6 12. Nd4 d6 13. Nf5 Bxf5 14. exf5
Nf6 15. O-O-O Qd7 16. Bg2 O-O-O 17. e4 Kb8 18. h3 Qc6 19. Qe3 h6 20. Qd4 Rhe8
21. Rhe1 Qc4 22. Qxc4 Nxc4 23. b3 Ne5 24. Nd5 Nfd7 25. Re3 c6 26. Nb4 Kc7 27.
Nd3 Nf6 28. Rde1 Re7 29. Nf2 a5 30. Bf3 Rde8 31. Ng4 Nexg4 32. hxg4 d5 33. e5
Nd7 34. Rh1 Rxe5 35. Rxe5 Nxe5 36. Bd1 Rh8 37. Re1 f6 38. Be2 Re8 39. Rh1 Nf7
40. Kd2 Kd6 41. c4 d4 42. Rc1 Kc5 43. a3 Re3 44. Rb1 Kd6 45. b4 Rxa3 46. bxa5
Kc7 47. Bd3 Ne5 48. Be4 Nxc4+ 49. Kc2 Rc3+ 50. Kd1 Rxg3 0-1

[Event "DEM U18 2017"]
[Site "Willingen GER"]
[Date "2017.06.04"]
[Round "1"]
[White "Schneider, Jana"]
[Black "Schmekel, Florian"]
[Result "1/2-1/2"]
[Termination "normal"]
[Board "12"]
[WhiteTitle "FM"]
[WhiteElo "2270"]
[BlackElo "2029"]
[WhiteClock "00:09:21"]
[BlackClock "00:45:46"]
[PlyCount "95"]
[WhiteFideId "12924997"]
[BlackFideId "12913456"]
[EventCountry "GER"]
[EventRounds "9"]
[EventType "swiss"]
[EventDate "2017.06.03"]

1. e4 c5 2. Nf3 Nc6 3. d4 cxd4 4. Nxd4 g6 5. c4 Nf6 6. Nc3 d6 7. Be2 Nxd4 8.
Qxd4 Bg7 9. Be3 O-O 10. Qd2 Be6 11. Rc1 Qa5 12. f3 a6 13. b3 Rfc8 14. Na4 Qxd2+
15. Kxd2 Nd7 16. g4 Rc6 17. Nc3 b5 18. Nd5 Kf8 19. Nb4 Rcc8 20. cxb5 axb5 21.
Rxc8+ Rxc8 22. Rc1 Rxc1 23. Kxc1 Ne5 24. a4 bxa4 25. bxa4 Bc4 26. Bd1 Nd3+ 27.
Nxd3 Bxd3 28. Kd2 Bc4 29. Bb6 Ke8 30. Be2 Bc3+ 31. Ke3 Bxe2 32. Kxe2 Kd7 33.
Kd3 Be1 34. Bd4 Kc6 35. Bc3 Bf2 36. Bd4 Be1 37. Kc4 e6 38. Be3 Ba5 39. Kd3 Be1
40. Bd2 Bf2 41. Kc4 Bg1 42. h3 Bc5 43. Bc3 Be3 44. a5 Bf2 45. Bd2 Bg1 46. Be1
Be3 47. Kd3 Bc5 48. Kc4 1/2-1/2

[Event "DEM U18 2017"]
[Site "Willingen GER"]
[Date "2017.06.04"]
[Round "1"]
[White "Carnot, Luca"]
[Black "Oberhofer, Cédric"]
[Result "0-1"]
[Termination "normal"]
[Board "13"]
[WhiteElo "1946"]
[BlackElo "2187"]
[WhiteClock "00:01:19"]
[BlackClock "00:32:36"]
[PlyCount "48"]
[WhiteFideId "12958964"]
[BlackFideId "12941220"]
[EventCountry "GER"]
[EventRounds "9"]
[EventType "swiss"]
[EventDate "2017.06.03"]

1. Nf3 c5 2. g3 Nc6 3. Bg2 g6 4. O-O Bg7 5. c3 e5 6. e4 Nge7 7. Qe2 O-O 8. Na3
d6 9. Nc2 h6 10. d4 exd4 11. cxd4 Nxd4 12. Ncxd4 cxd4 13. Rb1 Be6 14. b3 d5 15.
Ba3 Re8 16. Rbd1 dxe4 17. Qxe4 Nc6 18. Qf4 Qa5 19. Bd6 g5 20. Qc1 Rac8 21. Qb1
Red8 22. b4 Qxa2 23. Qd3 Rxd6 24. Ra1 Qc4 0-1

[Event "DEM U18 2017"]
[Site "Willingen GER"]
[Date "2017.06.04"]
[Round "1"]
[White "Ravina, David"]
[Black "Philippi, Aidan"]
[Result "1-0"]
[Termination "normal"]
[Board "14"]
[WhiteElo "2236"]
[BlackElo "1664"]
[WhiteClock "00:08:43"]
[BlackClock "00:25:48"]
[PlyCount "77"]
[WhiteFideId "12921858"]
[BlackFideId "16229533"]
[EventCountry "GER"]
[EventRounds "9"]
[EventType "swiss"]
[EventDate "2017.06.03"]

1. e4 d6 2. d4 Nf6 3. Nd2 e5 4. c3 Nc6 5. Ngf3 g6 6. Bd3 Bg7 7. O-O O-O 8. Rb1
Nh5 9. d5 Ne7 10. b4 f5 11. c4 h6 12. Qb3 f4 13. Ba3 g5 14. Ne1 g4 15. f3 g3
16. h3 Ng6 17. c5 Qh4 18. Qd1 Bxh3 19. gxh3 Qxh3 20. Qe2 Nh4 21. Nc4 g2 22.
Nxg2 Ng3 23. Nxh4 Nxe2+ 24. Bxe2 Qxh4 25. Rf2 Kh7 26. Rh2 Qf6 27. Kf2 Rg8 28.
Rbh1 Bf8 29. Bf1 c6 30. dxc6 bxc6 31. cxd6 Rd8 32. Bh3 Bxd6 33. Bf5+ Kg7 34.
Bb2 Kf8 35. Rxh6 Qg5 36. Bg4 Bxb4 37. R6h5 Qe7 38. Rf5+ Ke8 39. Rxe5 1-0

[Event "DEM U18 2017"]
[Site "Willingen GER"]
[Date "2017.06.04"]
[Round "2"]
[White "Spitzl, Vinzent"]
[Black "Uksini, Bardhyl"]
[Result "1/2-1/2"]
[Termination "normal"]
[Board "1"]
[WhiteElo "2245"]
[BlackElo "2331"]
[WhiteClock "00:34:53"]
[BlackClock "00:14:30"]
[PlyCount "42"]
[WhiteFideId "12901253"]
[BlackFideId "1628313"]
[EventCountry "GER"]
[EventRounds "9"]
[EventType "swiss"]
[EventDate "2017.06.03"]

1. e4 c5 2. Nf3 e6 3. g3 Nc6 4. Bg2 d5 5. exd5 exd5 6. O-O Nf6 7. d4 cxd4 8.
Nxd4 Be7 9. Nc3 O-O 10. h3 Qb6 11. Nce2 Ne4 12. c3 Bc5 13. Qb3 Bxd4 14. Nxd4
Nxd4 15. cxd4 Qxd4 16. Be3 Qe5 17. Bf4 Qf5 18. Rfd1 Be6 19. Qxb7 Nxf2 20. Kxf2
g5 21. Qb4 Rab8 1/2-1/2

[Event "DEM U18 2017"]
[Site "Willingen GER"]
[Date "2017.06.04"]
[Round "2"]
[White "Kololli, Martin"]
[Black "Lagunow, Raphael"]
[Result "1/2-1/2"]
[Termination "normal"]
[Board "2"]
[BlackTitle "FM"]
[WhiteElo "2238"]
[BlackElo "2318"]
[WhiteClock "00:45:11"]
[BlackClock "00:10:42"]
[PlyCount "57"]
[WhiteFideId "12936910"]
[BlackFideId "24652644"]
[EventCountry "GER"]
[EventRounds "9"]
[EventType "swiss"]
[EventDate "2017.06.03"]

1. e4 c5 2. c3 d6 3. d4 Qc7 4. Nf3 Nf6 5. Bd3 g6 6. O-O Bg7 7. h3 O-O 8. Qe2
Nc6 9. d5 Ne5 10. Nxe5 dxe5 11. a4 Nh5 12. Re1 e6 13. c4 Nf4 14. Qf3 exd5 15.
cxd5 Nxd3 16. Qxd3 c4 17. Qe2 Bd7 18. Nc3 Rfc8 19. Be3 f5 20. Red1 Qd6 21. f3
f4 22. Bf2 Bf8 23. Kh2 b6 24. Be1 a6 25. a5 Rab8 26. axb6 Rxb6 27. Ra2 Qb8 28.
Kh1 Bd6 29. Rda1 1/2-1/2

[Event "DEM U18 2017"]
[Site "Willingen GER"]
[Date "2017.06.04"]
[Round "2"]
[White "Oberhofer, Cédric"]
[Black "Sawlin, Leonid"]
[Result "0-1"]
[Termination "normal"]
[Board "3"]
[BlackTitle "FM"]
[WhiteElo "2187"]
[BlackElo "2303"]
[WhiteClock "00:24:08"]
[BlackClock "01:35:11"]
[PlyCount "82"]
[WhiteFideId "12941220"]
[BlackFideId "4689542"]
[EventCountry "GER"]
[EventRounds "9"]
[EventType "swiss"]
[EventDate "2017.06.03"]

1. e4 e6 2. d3 d5 3. Nd2 c5 4. Ngf3 Nc6 5. g3 Nf6 6. Bg2 Be7 7. O-O O-O 8. Re1
b5 9. e5 Nd7 10. Nf1 b4 11. h4 a5 12. Bf4 Ba6 13. Ne3 Qb6 14. h5 h6 15. Ng4
Rfc8 16. Qd2 Bf8 17. Bxh6 gxh6 18. Nxh6+ Bxh6 19. Qxh6 Qd8 20. Ng5 Nf8 21. Bxd5
Qxd5 22. Qf6 Qd8 23. Qxf7+ Kh8 24. Nxe6 Qe7 25. Qxe7 Nxe7 26. Ng5 Nf5 27. e6
Kg7 28. Re5 Ne7 29. Ne4 Nc6 30. Rg5+ Kh8 31. Nxc5 Nd4 32. Rd5 Nfxe6 33. Nxe6
Nxe6 34. a3 Rxc2 35. axb4 axb4 36. Rd6 Bb7 37. Re1 Ng5 38. Rh6+ Nh7 39. Rb6 Bd5
40. Rd6 Bf3 41. h6 Ng5 0-1

[Event "DEM U18 2017"]
[Site "Willingen GER"]
[Date "2017.06.04"]
[Round "2"]
[White "Niermann, Tristan"]
[Black "Ravina, David"]
[Result "1/2-1/2"]
[Termination "normal"]
[Board "4"]
[WhiteElo "2340"]
[BlackElo "2236"]
[WhiteClock "00:07:31"]
[BlackClock "00:28:28"]
[PlyCount "46"]
[WhiteFideId "12990698"]
[BlackFideId "12921858"]
[EventCountry "GER"]
[EventRounds "9"]
[EventType "swiss"]
[EventDate "2017.06.03"]

1. d4 g6 2. e4 c6 3. c4 d6 4. Nc3 Bg7 5. Be3 e5 6. dxe5 dxe5 7. Qxd8+ Kxd8 8.
O-O-O+ Kc7 9. Bc5 b6 10. Ba3 a5 11. c5 Nd7 12. cxb6+ Nxb6 13. h3 Nh6 14. Nf3 f6
15. Nd2 Be6 16. Nb3 Bxb3 17. axb3 Bf8 18. Bxf8 Rhxf8 19. Na4 Nxa4 20. bxa4 Nf7
21. Bd3 Rab8 22. Bc2 Rb4 23. Rd3 Rd8 1/2-1/2

[Event "DEM U18 2017"]
[Site "Willingen GER"]
[Date "2017.06.04"]
[Round "2"]
[White "Vogel, Roven"]
[Black "Herbrig, Alexander"]
[Result "1/2-1/2"]
[Termination "normal"]
[Board "5"]
[WhiteTitle "IM"]
[WhiteElo "2464"]
[BlackElo "2102"]
[WhiteClock "00:42:45"]
[BlackClock "00:03:17"]
[PlyCount "71"]
[WhiteFideId "12908088"]
[BlackFideId "12952044"]
[EventCountry "GER"]
[EventRounds "9"]
[EventType "swiss"]
[EventDate "2017.06.03"]

1. c4 Nf6 2. Nc3 c5 3. Nf3 e6 4. d4 cxd4 5. Nxd4 Nc6 6. g3 Qb6 7. Nb3 Ne5 8. e4
Bb4 9. Qe2 d6 10. f4 Nc6 11. Bd2 a5 12. Na4 Bxd2+ 13. Nxd2 Qa7 14. Nf3 O-O 15.
Nc3 e5 16. f5 Nd4 17. Qd3 Nxf5 18. exf5 e4 19. Nxe4 Re8 20. Nfd2 Bxf5 21. Bg2
Nxe4 22. Nxe4 Bxe4 23. Bxe4 f5 24. O-O-O Rxe4 25. Qxd6 Rxc4+ 26. Kb1 Qc5 27.
Qe6+ Kh8 28. Rd5 Qf2 29. Qxf5 Qxf5+ 30. Rxf5 b6 31. Rd1 Re8 32. Rf7 h6 33. b3
Rce4 34. Rd2 b5 35. Rb7 R8e5 36. Rb8+ 1/2-1/2

[Event "DEM U18 2017"]
[Site "Willingen GER"]
[Date "2017.06.04"]
[Round "2"]
[White "Schmekel, Florian"]
[Black "Schröder, Kevin"]
[Result "1/2-1/2"]
[Termination "normal"]
[Board "6"]
[BlackTitle "FM"]
[WhiteElo "2029"]
[BlackElo "2352"]
[WhiteClock "00:05:23"]
[BlackClock "00:26:29"]
[PlyCount "153"]
[WhiteFideId "12913456"]
[BlackFideId "12929840"]
[EventCountry "GER"]
[EventRounds "9"]
[EventType "swiss"]
[EventDate "2017.06.03"]

1. d4 Nf6 2. c4 e6 3. Nf3 Bb4+ 4. Bd2 a5 5. g3 b6 6. Bg2 Bb7 7. O-O O-O 8. a3
Bxd2 9. Qxd2 d6 10. Nc3 Nbd7 11. b4 Qe7 12. Qc2 c5 13. dxc5 bxc5 14. b5 Nb6 15.
Na4 Be4 16. Qb3 Nfd7 17. Nxb6 Nxb6 18. a4 d5 19. Nd2 Bxg2 20. Kxg2 Qg5 21. Nf3
dxc4 22. Qxc4 Qf5 23. Qc3 Rfd8 24. Rfc1 Rd5 25. Qc2 Qxc2 26. Rxc2 f5 27. Nd2
Rd4 28. Nb3 Rxa4 29. Rxc5 Rxa1 30. Nxa1 Kf7 31. Rc6 Nd5 32. Nc2 Ne7 33. Rc7 Rc8
34. Rxc8 Nxc8 35. Kf3 Ke7 36. e4 fxe4+ 37. Ke3 Nd6 38. Na3 e5 39. Kd2 Ke6 40.
Kc3 Kd5 41. Kb3 Kc5 42. Ka4 Kb6 43. h3 h6 44. h4 h5 45. Kb3 Nxb5 46. Nc4+ Kc5
47. Nxa5 Nd4+ 48. Kc3 Kd5 49. Kd2 Nf5 50. Ke2 e3 51. fxe3 Nxg3+ 52. Kf3 Ne4 53.
Nb3 g6 54. Nc1 Nc5 55. Ne2 e4+ 56. Kg3 Ke5 57. Nf4 Kf5 58. Nd5 Nd7 59. Ne7+ Kf6
60. Nc8 Ke5 61. Ne7 Nf8 62. Nc6+ Kd5 63. Ne7+ Kc4 64. Kf4 Kd3 65. Nd5 Ne6+ 66.
Ke5 Ng7 67. Kf6 Nf5 68. Kxg6 Nxe3 69. Nf4+ Kd2 70. Kxh5 Nc2 71. Kg4 Nb4 72. h5
e3 73. h6 Nd5 74. Nxd5 e2 75. h7 e1=Q 76. h8=Q Qe6+ 77. Kg5 1/2-1/2

[Event "DEM U18 2017"]
[Site "Willingen GER"]
[Date "2017.06.04"]
[Round "2"]
[White "Ehmann, Thilo"]
[Black "Pallas, Sebastian"]
[Result "1-0"]
[Termination "normal"]
[Board "7"]
[WhiteTitle "FM"]
[WhiteElo "2268"]
[BlackElo "2185"]
[WhiteClock "01:16:58"]
[BlackClock "00:20:47"]
[PlyCount "95"]
[WhiteFideId "12940968"]
[BlackFideId "12905453"]
[EventCountry "GER"]
[EventRounds "9"]
[EventType "swiss"]
[EventDate "2017.06.03"]

1. e4 c5 2. Nf3 d6 3. d4 cxd4 4. Nxd4 Nf6 5. f3 a6 6. c4 e6 7. Nc3 Be7 8. Be3
O-O 9. Be2 Nbd7 10. O-O Qc7 11. Rc1 b6 12. Qd2 Bb7 13. Rfd1 Rac8 14. Bf1 Qb8
15. Qf2 Rfe8 16. Kh1 Bf8 17. Nc2 Ba8 18. Nd4 Ne5 19. b3 Nfd7 20. Qg3 Nc5 21.
Nde2 b5 22. cxb5 axb5 23. Nf4 b4 24. Nb1 Kh8 25. Nd2 d5 26. exd5 exd5 27. Bd4
Bd6 28. Qh3 Ng6 29. Nxg6+ fxg6 30. Re1 Ne6 31. Ba7 Rxc1 32. Bxb8 Rxe1 33. Bxd6
Bc6 34. Qh4 Rd1 35. Qxb4 Ng5 36. h4 Nf7 37. Bc5 Ree1 38. Bd4 Kg8 39. Kh2 Nh6
40. g4 g5 41. hxg5 Nf7 42. Kg3 Nxg5 43. a4 h5 44. gxh5 Kf7 45. Bf2 Re5 46. Qf4+
Ke6 47. Bd4 Rf5 48. Qe3+ 1-0

[Event "DEM U18 2017"]
[Site "Willingen GER"]
[Date "2017.06.04"]
[Round "2"]
[White "Gschnitzer, Adrian"]
[Black "Mätzkow, Maximilian Paul"]
[Result "1/2-1/2"]
[Termination "normal"]
[Board "8"]
[WhiteElo "2342"]
[BlackElo "2131"]
[WhiteClock "00:00:44"]
[BlackClock "00:21:33"]
[PlyCount "74"]
[WhiteFideId "1270337"]
[BlackFideId "24679933"]
[EventCountry "GER"]
[EventRounds "9"]
[EventType "swiss"]
[EventDate "2017.06.03"]

1. e4 c5 2. Nf3 d6 3. d4 cxd4 4. Nxd4 Nf6 5. Nc3 g6 6. Be3 Bg7 7. f3 a6 8. Qd2
h5 9. a4 Nbd7 10. a5 Qc7 11. Na4 O-O 12. c4 Rb8 13. Nb3 Qc6 14. Nd4 Qc7 15. Nb3
Qc6 16. Be2 Ne5 17. Nb6 Ned7 18. O-O Nxb6 19. Bxb6 Be6 20. Nd4 Qd7 21. Rfc1
Rbc8 22. Qd3 Bh6 23. Rc3 h4 24. Bd1 Qe8 25. Nxe6 fxe6 26. Bf2 Bg5 27. Bb3 Qf7
28. Qe2 Nd7 29. Rf1 Nc5 30. Ba2 e5 31. b4 Ne6 32. c5 Kg7 33. Qc4 Nf4 34. Qxf7+
Rxf7 35. Re1 Rff8 36. Be3 h3 37. Bxf4 Bxf4 1/2-1/2